000 00774nam a22002412 4500
001 0000002495
005 20151217155203.0
008 070412s xx 000 0 eng d
020 _a0071181121 :
_cKES 3,780
040 _aKABU
_cKABU
050 0 _aHF5635
_b.D985 2001
100 1 _aDyckman, Thomas R.
_@0000151861
245 1 0 _aIntermediate accounting /
_cThomas R. Dyckman, Charles J. Davis, Ronald E. Dukes.
250 _a5th ed.
260 _aBoston :
_bIrwin/McGraw-Hill,
_c2001.
300 _a1 v. (various pagings)
650 0 _aAccounting.
_@0000148321
700 1 _aDavis, Charles Joseph,
_d1950-.
_@0000151864
700 1 _aDukes, Ronald E.
_@0000151865
908 _a070412
950 _@1
999 _c11862
_d11862